Mastering counselling theory / (Record no. 5779)
[ view plain ]
| 000 -LEADER | |
|---|---|
| fixed length control field | 00719cam a22001814a 4500 |
| 020 ## - INTERNATIONAL STANDARD BOOK NUMBER | |
| ISBN | 0333922433 (pbk.) |
| 022 ## - INTERNATIONAL STANDARD SERIAL NUMBER | |
| ISSN | 9780333922439 |
| 050 00 - CALL NUMBER | |
| Classification number | BF637.C6 |
| Item number | C65 |
| 100 1# - AUTHOR | |
| Personal name | Colledge, Ray. |
| 245 10 - TITLE | |
| Title | Mastering counselling theory / |
| Statement of responsibility, etc | Ray Colledge. |
| 260 ## - PUBLICATION INFORMATION | |
| Place of publication | New York, N.Y. : |
| Name of publisher | Palgrave/Macmillan, |
| Year of publication | 2002. |
| 300 ## - DESCRIPTION | |
| Number of Pages | viii, 296 p. ; |
| Dimensions | 24 cm. |
| Other physical details | |
| 440 #0 - SERIES | |
| SERIES | Palgrave master series |
| 500 ## - NOTES | |
| General note | Includes bibliographical references and index. |
| 505 ## - FORMATTED CONTENTS NOTE | |
| Table of Content | Pt. 1. Psychodynamic Counselling --<br/>pt. 2. Humanistic Counselling --<br/>pt. 3. Existential Counselling --<br/>pt. 4. Cognitive therapy and behavioural Counselling --<br/>pt. 5. Eclectic and integrative Counselling. |
| 650 #0 - SUBJECTS | |
| Topical Term | Counseling. |
| 942 ## - ADDED ENTRY ELEMENTS (KOHA) | |
| Koha item type | Books |
| Withdrawn status | Lost status | Collection code | Home library | Current library | Shelving location | Date acquired | Full call number | Accession Number | Koha item type |
|---|---|---|---|---|---|---|---|---|---|
| Reference | Methodist University Library Main | Methodist University Library Main | General Stacks | 20/11/2012 | BF637.C6 C65 | 36617 | Books | ||
| Reference | Methodist University Library Main | Methodist University Library Main | General Stacks | 20/11/2012 | BF637.C6 C65 | 36619 | Books | ||
| Methodist University Library Main | Methodist University Library Main | General Stacks | 20/11/2012 | BF637.C6 C65 | 36618 | Books |